Đoạn tuyệt

保存先:
書誌詳細
第一著者: Nhất Linh
フォーマット: 図書
言語:Vietnamese
出版事項: TP HCM Văn nghệ 1994
主題:
タグ: タグ追加
タグなし, このレコードへの初めてのタグを付けませんか!
Thư viện lưu trữ: Mạng thư viện Đại học Đà Nẵng
LEADER 00884nam a2200289 4500
001 000014624
003 10994
005 20120509090520.0
008 120509s1994 viesd
020 |c 6200đ 
041 0 |a vie 
082 |a 895.9223  |b NH-L 
100 0 |a Nhất Linh 
245 0 |a Đoạn tuyệt  |c Nhất Linh 
260 |a TP HCM  |b Văn nghệ  |c 1994 
300 |a 245 tr.  |c 16 cm 
653 |a Tiểu thuyết 
OWN |a LSP 
AVA |a UDN50  |b LSP  |d 895.9223 NH-L  |e available  |t Error 5001 Not defined in file expand_doc_bib_avail.  |f 1  |g 0  |h N  |i 0  |k 1 
999 |a From the UDN01 
AVA |a UDN50  |b LSP  |d 895.9223 NH-L  |e available  |t Error 5001 Not defined in file expand_doc_bib_avail.  |f 1  |g 0  |h N  |i 0  |k 1 
TYP |a Monograph 
TYP |a Printed language 
980 |a Mạng thư viện Đại học Đà Nẵng